[Event "Challenge"]
[Site "http://www.queenalice.com/game.php?id=329683"]
[Date "2008.1.2"]
[Round "-"]
[White "davidreb"]
[Black "koutouzov"]
[Result "0-1"]
[WhiteElo "1883"]
[BlackElo "1818"]

1. e4 e5 2. Bc4 Nf6 3. Nf3 d6 4. Nc3 Bg4 5. Qe2 Be7 6. d3 Qd7 7. Be3 O-O 8. h3
Bh5 9. g4 Bg6 10. g5 Nh5 11. Nh4 Kh8 12. O-O-O Na6 13. d4 Nf4 14. Bxf4 exf4 15.
Nf3 Bh5 16. Rdg1 Nb4 17. Qd1 f6 18. h4 Qc6 19. Be2 Bf7 20. Kb1 Bg6 21. d5 Qd7
22. h5 Be8 23. Nd4 fxg5 24. Bg4 Qd8 25. Ne6 Qb8 26. Nxf8 Bxf8 27. h6 c5 28. dxc6
bxc6 29. Bf5 gxh6 30. Ne2 Bg7 31. Nd4 Bf7 32. b3 c5 33. Ne6 Bxe6 34. Bxe6 Qe8
0-1

[Event "Challenge"]
[Site "http://www.queenalice.com/game.php?id=864869"]
[Date "2010.11.28"]
[Round "-"]
[White "davidreb"]
[Black "charles31"]
[Result "1-0"]
[WhiteElo "1848"]
[BlackElo "1789"]

1. e4 e5 2. Bc4 Nf6 3. d4 Nxe4 4. dxe5 Nxf2 5. Bxf7+ Kxf7 6. Qf3+ Ke6 7. Qxf2 d5
8. Nh3 Be7 9. Nf4+ Kxe5 10. Nd3+ Kd6 11. Qc5+ Kd7 12. Qxd5+ Bd6 13. Ne5+ 1-0

[Event "Challenge"]
[Site "http://www.queenalice.com/game.php?id=1632985"]
[Date "2020.11.15"]
[Round "-"]
[White "davidreb"]
[Black "rom_banane"]
[Result "1/2-1/2"]
[WhiteElo "1829"]
[BlackElo "1993"]

1. e4 c5 2. Bc4 Nc6 3. Qh5 e6 4. e5 d5 5. exd6 Bxd6 6. Bb5 Nf6 7. Qf3 Bd7 8. c3
Qb6 9. Na3 Ne5 10. Bxd7+ Nfxd7 11. Qe2 Rc8 12. Nf3 c4 13. O-O Nd3 14. Nxc4 Nxc1
15. Nxd6+ Qxd6 16. Raxc1 O-O 17. Qe4 Nc5 18. Qb4 Qa6 19. Qa3 Rc6 20. Qxa6 Rxa6
21. b4 Nd3 22. Rc2 Ra3 23. Ne1 Rd8 24. Nxd3 Rxd3 25. Re1 Kf8 26. Re3 Rd6 27. c4
Rxe3 28. fxe3 b6 29. d4 Ke7 30. g4 Kf6 31. Rf2+ Kg6 32. Kg2 f5 33. Kg3 h5 34. h3
hxg4 35. hxg4 Kg5 36. gxf5 exf5 37. Kf3 g6 38. Rg2+ 1/2-1/2

[Event "Challenge"]
[Site "http://www.queenalice.com/game.php?id=1632987"]
[Date "2020.11.15"]
[Round "-"]
[White "rom_banane"]
[Black "davidreb"]
[Result "1/2-1/2"]
[WhiteElo "2000"]
[BlackElo "1822"]

1. d4 Nf6 2. Nc3 e6 3. Nf3 d5 4. Bg5 h6 5. Bh4 g5 6. Bg3 Ne4 7. Nxe4 dxe4 8. Ne5
Bb4+ 9. c3 Bd6 10. e3 a6 11. Qa4+ Bd7 12. Nxd7 Qxd7 13. Qb3 Qc6 14. a4 Bxg3 15.
hxg3 Nd7 16. Be2 Nf6 17. O-O-O Nd5 18. g4 Nb6 19. a5 Qa4 20. Qc2 Qxa5 21. Qxe4
Qd5 22. Qf3 Qxf3 23. Bxf3 O-O-O 24. e4 c6 25. b3 f6 26. Be2 e5 27. dxe5 fxe5 28.
Rxd8+ Kxd8 29. Kd2 Kd7 30. c4 Kd6 31. Kc3 Nd7 32. f3 Nf6 33. Rd1+ Kc7 34. c5 Rd8
1/2-1/2

[Event "AUTO-ADV-4424"]
[Site "http://www.queenalice.com/game.php?id=1633445"]
[Date "2020.11.18"]
[Round "1"]
[White "saida"]
[Black "davidreb"]
[Result "1-0"]
[WhiteElo "1778"]
[BlackElo "1859"]

1. d4 d5 2. c4 dxc4 3. e4 b5 4. b3 e6 5. bxc4 Qh4 6. Bd3 Bb7 7. Nf3 Qg4 8. O-O
Bxe4 9. Bxe4 Qxe4 10. cxb5 Nd7 11. Re1 Qb7 12. Nc3 Bd6 13. Bg5 Ngf6 14. Bxf6
Nxf6 15. d5 O-O 16. dxe6 fxe6 17. Rxe6 Qb6 18. Rb1 Bxh2+ 19. Nxh2 Qxe6 20. Rb2
Rad8 21. Qb3 Nd5 22. Nxd5 Qe1+ 23. Nf1 1-0

[Event "AUTO-ADV-4424"]
[Site "http://www.queenalice.com/game.php?id=1633446"]
[Date "2020.11.18"]
[Round "1"]
[White "davidreb"]
[Black "saida"]
[Result "0-1"]
[WhiteElo "1840"]
[BlackElo "1797"]

1. e4 e6 2. d4 d5 3. e5 c5 4. Nf3 cxd4 5. Qxd4 Nc6 6. Bb5 Bd7 7. Qg4 Nh6 8. Bxh6
gxh6 9. Nc3 Qc7 10. O-O-O O-O-O 11. Rhe1 Bb4 12. Bxc6 Bxc6 13. Qxb4 Rhg8 14. g3
h5 15. Nd4 a5 16. Qb3 Kd7 17. Ncb5 Bxb5 18. Nxb5 Qb6 19. Re3 Rg4 20. f4 h4 21.
Qa4 Qxe3+ 0-1

[Event "AUTO-ADV-4424"]
[Site "http://www.queenalice.com/game.php?id=1633457"]
[Date "2020.11.18"]
[Round "1"]
[White "miguel7"]
[Black "davidreb"]
[Result "1-0"]
[WhiteElo "1890"]
[BlackElo "1818"]

1. e4 e5 2. Nf3 Bd6 3. Nc3 Nf6 4. Bc4 h6 5. d4 exd4 6. Nxd4 Nc6 7. Nf5 Be5 8.
Nxg7+ Kf8 9. Nh5 Bxc3+ 10. bxc3 Ne5 11. Nxf6 Qxf6 12. Bb3 d6 13. f3 1-0

[Event "AUTO-ADV-4424"]
[Site "http://www.queenalice.com/game.php?id=1633465"]
[Date "2020.11.18"]
[Round "1"]
[White "davidreb"]
[Black "maurice91"]
[Result "0-1"]
[WhiteElo "1836"]
[BlackElo "1786"]

1. e4 c6 2. d4 d5 3. e5 Bf5 4. Nc3 e6 5. h4 h6 6. g4 Bh7 7. Nf3 Be4 8. g5 Bxf3
9. Qxf3 Be7 10. g6 f6 11. exf6 Nxf6 12. Bh3 Qd7 13. Qe3 Ne4 14. Nxe4 dxe4 15.
Qxe4 Qd5 16. Qxd5 exd5 17. Be6 Bf6 18. Be3 Rf8 19. O-O-O Na6 20. h5 Ke7 21. Bg4
Kd8 22. c3 Nc7 23. Rde1 Re8 24. Bf4 Rxe1+ 25. Rxe1 Ne8 26. Re6 Be7 27. Be5 Kd7
28. Rf6+ Kd8 29. Rf7 Nf6 30. Be6 Ne8 31. Bxg7 Nxg7 32. Rxg7 Bf8 33. Rd7+ Ke8 34.
g7 Bxg7 0-1

[Event "AUTO-ADV-4424"]
[Site "http://www.queenalice.com/game.php?id=1633466"]
[Date "2020.11.18"]
[Round "1"]
[White "maurice91"]
[Black "davidreb"]
[Result "1-0"]
[WhiteElo "1780"]
[BlackElo "1879"]

1. d4 d5 2. Bf4 Nf6 3. Nd2 Nc6 4. e3 e6 5. Be2 Bd6 6. c3 e5 7. dxe5 Nxe5 8. Bxe5
Bxe5 9. Ngf3 Qd6 10. Nxe5 Qxe5 11. Nf3 Qf5 12. Qb3 O-O 13. O-O b6 14. Rfd1 Be6
15. Nd4 Qg5 16. Nf3 Qh5 17. Rd4 Ne4 18. Re1 c5 19. Rdd1 Rad8 20. Nd4 Qh4 21. g3
Qf6 22. Nf3 Bg4 23. Qa3 Bxf3 24. Qxa7 Ng5 25. Kf1 Nh3 26. Rd2 Be4 27. Bg4 1-0